00713nam a22002297a 4500003001100000005001700011008004100028020001500069040003900084041000800123082001600131100001900147245005300166260004700219300000900266650005800275650001900333650001800352942000700370952009100377999001500468LK-CoMWRAF20231014175305.0231014b1994 |||||||| |||| 00| 0 eng d a0195633318 aLK-CoMWRAFdLK-CoMWRAFeLK-CoMWRAF aeng a894.81bKAR aKarnad, Girish aThree plays :bNaga - Mandala Hayavadana Tughlaq aNew York :bOxford University press,c1994 a221p a Karnad, Girish, 1938-2019--Translations into English aIndia -- Drama aKannada drama cBK 00104070aMAINbMAINd2023-10-14l0o894.81 KARpRAF2239r2023-10-14w2023-10-14yBK c3866d3866